00677nam a2200205 i 4500001000300000003000400003005001700007008003900024040000800063080001100071080001000082080000700092245014400099260003100243300002000274650001500294650002400309700004000333856009800373bgBPK20220628101727.0 s1993 pl |000 0 pol cBPK a316.42 a330.8 a3200aKonstruktywizm i spontaniczność w rozwoju społecznym /cpod red. Zbigniewa Madeja ; Polskie Towarzystwo Wspólracy z Klubem Rzymskim. aWarszawa :bPTWzKR,c1993. a86 s. ;c21 cm. 4aLiberalizm 4aRozwój społeczny1 aMadej, Zbigniewd(1932- )eRedakcja uhttp://koha.tu.koszalin.pl/cgi-bin/koha/opac-detail.pl?biblionumber=32542yKatalog online BPK